[Event "Campeonato Nacional da 1ª divisão"]
[Site "Torres Vedras"]
[Date "2011.07.30"]
[Round "8.5"]
[White "Andrade, Jose M Vieira"]
[Black "Padeiro, Jose"]
[Result "1/2-1/2"]
[WhiteElo "2249"]
[BlackElo "2304"]
[PlyCount "200"]
[EventDate "2011.07.23"]

1. e4 c5 2. Nc3 Nc6 3. f4 e6 4. Nf3 d5 5. Bb5 Nf6 6. Qe2 Be7 7. O-O O-O 8. Bxc6
bxc6 9. d3 Nd7 10. Kh1 a5 11. Na4 Ba6 12. c4 Bf6 13. Bd2 Rb8 14. Rab1 Qc7 15.
b3 Rfe8 16. Qf2 d4 17. Qe1 Bd8 18. Ne5 Bc8 19. Nxd7 Bxd7 20. Nxc5 Bc8 21. e5
Ra8 22. Qe4 Be7 23. Na4 Ra7 24. Qxd4 c5 25. Qe3 Bb7 26. Nc3 Qc6 27. Rf3 Ba8 28.
Ne4 Rd8 29. Bc3 Rad7 30. Qe2 a4 31. Rg3 g6 32. Ba5 Rb8 33. Be1 Rdb7 34. Qc2
axb3 35. axb3 Ra7 36. Rh3 Qd7 37. Bf2 Ra5 38. Bg1 Bc6 39. Re3 Rba8 40. Nc3 Qb7
41. Re2 Rd8 42. Be3 Rd7 43. Rd2 Qa8 44. Kg1 h5 45. Rb2 Ra1+ 46. Rd1 Rxd1+ 47.
Nxd1 Qd8 48. Nf2 Qa5 49. Rb1 Qa8 50. Ne4 Rxd3 51. Nf6+ Bxf6 52. Qxd3 Be4 53.
Qd1 Bxb1 54. exf6 Be4 55. Bxc5 Bxg2 56. Bb6 Be4 57. Qd8+ Qxd8 58. Bxd8 Kf8 59.
Kf2 Ke8 60. Be7 Bc2 61. b4 Bd3 62. c5 Bb5 63. Kg3 Kd7 64. Bd6 Bc6 65. Be5 Bb5
66. Kh4 Bc6 67. Kg5 Bb5 68. Kh6 Ke8 69. Kg7 Bc6 70. Bd6 Bb5 71. Kh6 Bc6 72. Kg5
Bb5 73. f5 exf5 74. Kf4 Kd7 75. Ke5 Kc6 76. Bf8 Bd3 77. Bh6 Bb5 78. Bf4 Bd3 79.
Kd4 Bb5 80. Bd6 Be2 81. Bf4 Bb5 82. Bd2 Be2 83. Ke5 Bb5 84. h4 Be2 85. Bc3 Bb5
86. Kf4 Kd5 87. Bd2 Be2 88. Kg5 Bb5 89. Bf4 Ke6 90. Bc1 Bc6 91. Bb2 Bb5 92. Bd4
Bc6 93. Be3 Bb5 94. Bf4 Bc6 95. Bd6 Bb5 96. Be7 Bc6 97. Kf4 Kd5 98. Bd6 Bb5 99.
Be5 Bc6 100. Bc3 Bb5 1/2-1/2

[Event "Campeonato Nacional da 1ª divisão"]
[Site "Torres Vedras"]
[Date "2011.07.30"]
[Round "8.5"]
[White "Carneiro, Carlos"]
[Black "Leite, Catarina"]
[Result "1/2-1/2"]
[WhiteElo "2278"]
[BlackElo "2165"]
[PlyCount "129"]
[EventDate "2011.07.23"]

1. d4 d5 2. Nf3 Nf6 3. c4 e6 4. Nc3 c6 5. cxd5 exd5 6. Qc2 Be7 7. Bf4 O-O 8. e3
Nbd7 9. Bd3 Re8 10. O-O Nf8 11. Rab1 a5 12. a3 Bg4 13. Ne5 Bh5 14. b4 axb4 15.
axb4 Ng6 16. Bg3 Nxe5 17. dxe5 Nd7 18. Bxh7+ Kh8 19. Bf5 Nb6 20. Ne2 Bxe2 21.
Qxe2 g6 22. Bd3 Ra4 23. f4 Bh4 24. Bxh4 Qxh4 25. Rf3 Qe7 26. f5 Qxe5 27. fxg6
f6 28. Rbf1 Ra1 29. Rh3+ Kg8 30. Rxa1 Qxa1+ 31. Kf2 Qe5 32. Rh5 Qe6 33. Rh8+
Kg7 34. Rxe8 Qxe8 35. Qg4 Nd7 36. Qh5 Nf8 37. h4 Nxg6 38. Qg4 Kh6 39. Qf5 Qf7
40. g4 Ne5 41. Be2 Kg7 42. h5 b6 43. Kg2 Qd7 44. Qf4 Nf7 45. Bd3 c5 46. bxc5
bxc5 47. Bf5 Qe7 48. Bc2 Qe5 49. Kf2 d4 50. Bd3 Ng5 51. Qxe5 fxe5 52. exd4 cxd4
53. Bf5 Kh6 54. Ke2 Nf7 55. Kd3 Nd6 56. Be6 Kg5 57. Bd7 Nb7 58. Kc4 Nd6+ 59.
Kd5 Nf7 60. Ke4 Kf6 61. Ba4 Ng5+ 62. Kd3 Nf7 63. Be8 Nd6 64. Bd7 Kg5 65. Be6
1/2-1/2

[Event "Campeonato Nacional da 1ª divisão"]
[Site "Torres Vedras"]
[Date "2011.07.30"]
[Round "8.5"]
[White "Oliveira, Luis"]
[Black "Santos, Jose Alves"]
[Result "0-1"]
[WhiteElo "2118"]
[BlackElo "2225"]
[PlyCount "36"]
[EventDate "2011.07.23"]

1. e4 e5 2. Nf3 Nc6 3. Nc3 Nf6 4. d4 Bb4 5. Nxe5 Nxe4 6. Qg4 Nxc3 7. Qxg7 Rf8
8. a3 Qe7 9. axb4 Nxd4 10. Bh6 Nxc2+ 11. Kd2 Nxa1 12. bxc3 a5 13. Bc4 axb4 14.
Nxf7 bxc3+ 15. Kd3 d5 16. Bb5+ c6 17. Re1 Bf5+ 18. Kd4 Nc2+ 0-1

[Event "Campeonato Nacional da 1ª divisão"]
[Site "Torres Vedras"]
[Date "2011.07.30"]
[Round "8.6"]
[White "Gonzalez Perez, Arian"]
[Black "Camacho, Collados Marcos"]
[Result "1/2-1/2"]
[WhiteElo "2490"]
[BlackElo "2404"]
[PlyCount "55"]
[EventDate "2011.07.23"]

1. d4 Nf6 2. Nf3 g6 3. c4 Bg7 4. g3 O-O 5. Bg2 c6 6. O-O d6 7. Nc3 Qa5 8. Qc2
Qh5 9. Rd1 Bh3 10. Bxh3 Qxh3 11. Ng5 Qh5 12. Kg2 h6 13. Nf3 Qa5 14. e4 Nfd7 15.
Be3 Qa6 16. b3 Rc8 17. Qd2 Kh7 18. h4 h5 19. Ng5+ Kg8 20. f4 Nf6 21. Rf1 Ng4
22. f5 Nd7 23. fxg6 fxg6 24. Ne6 Ndf6 25. Bg5 b5 26. Qd3 bxc4 27. bxc4 Kh7 28.
Rae1 1/2-1/2

[Event "Campeonato Nacional da 1ª divisão"]
[Site "Torres Vedras"]
[Date "2011.07.30"]
[Round "8.6"]
[White "Viela, Andre Filipe Folha"]
[Black "Garcia Rodriguez, Victor"]
[Result "1/2-1/2"]
[WhiteElo "2241"]
[BlackElo "2222"]
[PlyCount "132"]
[EventDate "2011.07.23"]

1. e4 e5 2. Nf3 Nc6 3. Bc4 Nf6 4. d4 Nxe4 5. dxe5 Nc5 6. O-O Ne6 7. Nc3 Be7 8.
Ne4 O-O 9. c3 Nc5 10. Nxc5 Bxc5 11. Re1 Be7 12. Bf4 Kh8 13. Qd2 Na5 14. Bd3 d5
15. exd6 Bxd6 16. Rad1 Bg4 17. Bxd6 Qxd6 18. Re3 Rad8 19. b3 Nc6 20. Qc2 Qf6
21. Rde1 h6 22. h3 Be6 23. Nd2 b6 24. Ne4 Qh4 25. Ng3 Qg5 26. Qe2 Qa5 27. Bb1
Bc8 28. b4 Qd5 29. Be4 Qd6 30. Nf5 Qf6 31. Ng3 Ne5 32. Bb1 Ng6 33. Nh5 Qg5 34.
Rg3 Qd2 35. Bxg6 fxg6 36. Rxg6 Qxe2 37. Rxe2 Rf7 38. Rg3 Kh7 39. Rge3 Ba6 40.
Rb2 Bc4 41. a4 Rd1+ 42. Kh2 Ra1 43. Re4 Bd3 44. Rf4 Bg6 45. Rxf7 Bxf7 46. Nf4
Rxa4 47. Rd2 c5 48. Rd7 cxb4 49. cxb4 g5 50. Rxf7+ Kg8 51. Rb7 gxf4 52. g4 Rxb4
53. Rxa7 Rb1 54. Kg2 Rb3 55. h4 b5 56. Rb7 b4 57. g5 hxg5 58. hxg5 Kf8 59. g6
Kg8 60. Rf7 Rd3 61. Rxf4 b3 62. Rb4 Kg7 63. Rb6 Rc3 64. f4 b2 65. f5 Rc5 66.
Rb7+ Kg8 1/2-1/2

[Event "Campeonato Nacional da 1ª divisão"]
[Site "Torres Vedras"]
[Date "2011.07.30"]
[Round "8.6"]
[White "Guerreiro, Nuno"]
[Black "Oliveira, Carlos Andre Ramalho"]
[Result "1/2-1/2"]
[WhiteElo "2070"]
[BlackElo "2189"]
[PlyCount "108"]
[EventDate "2011.07.23"]

1. e4 c6 2. d3 d5 3. Nd2 e5 4. g3 Nf6 5. Bg2 Bc5 6. Ngf3 dxe4 7. dxe4 O-O 8.
O-O Re8 9. h3 b5 10. Qe2 Qb6 11. Rd1 a5 12. a4 Ba6 13. Qe1 Nbd7 14. Nb3 Bb4 15.
c3 Bf8 16. axb5 Bxb5 17. Be3 Qc7 18. Nc1 Nxe4 19. Nxe5 Nxe5 20. Bxe4 Nc4 21.
Bf4 Qc8 22. b3 Nb6 23. c4 f5 24. Qe3 Nd7 25. Qd4 Rxe4 26. Qxd7 Re1+ 27. Kg2
Rxd1 28. Qxd1 Ba6 29. Rxa5 c5 30. Kh2 Bb7 31. Rxa8 Bxa8 32. f3 Qc6 33. Kg2 Be7
34. h4 h6 35. h5 Qe8 36. Nd3 Qxh5 37. Ne5 Kh7 38. Qa1 Qe8 39. Qa7 Bd6 40. Qd7
Qf8 41. Ng6 Qf6 42. Qxd6 Qxg6 43. Qxg6+ Kxg6 44. Bd6 Kf6 45. Bxc5 g5 46. Kf2
Ke5 47. Ke3 f4+ 48. gxf4+ gxf4+ 49. Ke2 Bc6 50. Bf2 Be8 51. b4 Bf7 52. Kd3 Bg6+
53. Ke2 Bf7 54. Kd3 Bg6+ 1/2-1/2

[Event "Campeonato Nacional da 1ª divisão"]
[Site "Torres Vedras"]
[Date "2011.07.30"]
[Round "8.7"]
[White "Silva, Antonio Augusto"]
[Black "Lanzani, Mario"]
[Result "1/2-1/2"]
[WhiteElo "2222"]
[BlackElo "2357"]
[PlyCount "34"]
[EventDate "2011.07.23"]

1. c4 e5 2. g3 Nf6 3. Bg2 Nc6 4. Nc3 Bc5 5. a3 a6 6. e3 O-O 7. Nge2 d6 8. O-O
Rb8 9. h3 Bd7 10. b4 Ba7 11. d4 h6 12. Bb2 Re8 13. Kh2 exd4 14. exd4 Bf5 15.
Qd2 Ne4 16. Nxe4 Bxe4 17. f3 Bh7 1/2-1/2

[Event "Campeonato Nacional da 1ª divisão"]
[Site "Torres Vedras"]
[Date "2011.07.30"]
[Round "8.7"]
[White "Coimbra, Margarida"]
[Black "Martins, Hugo Fidalgo"]
[Result "1/2-1/2"]
[WhiteElo "2113"]
[BlackElo "2179"]
[PlyCount "66"]
[EventDate "2011.07.23"]

1. e4 c5 2. c3 e6 3. d4 d5 4. exd5 Qxd5 5. Nf3 Nf6 6. Be3 cxd4 7. cxd4 Be7 8.
Nc3 Qd6 9. Bd3 Nc6 10. a3 O-O 11. O-O b6 12. Qe2 Bb7 13. Rfe1 Rad8 14. Rad1 Qb8
15. Bb1 Rfe8 16. Ba2 Qa8 17. d5 Nxd5 18. Nxd5 exd5 19. Bxd5 Bf6 20. Qc4 Ne5 21.
Bxb7 Nxc4 22. Bxa8 Rxd1 23. Rxd1 Rxa8 24. b3 Nxa3 25. Bg5 Bxg5 26. Nxg5 h6 27.
Ne4 Re8 28. f3 Nb5 29. Rd5 a6 30. Rd7 Rc8 31. Nd2 Rb8 32. Nc4 Kf8 33. Ne5 f6
1/2-1/2

[Event "Campeonato Nacional da 1ª divisão"]
[Site "Torres Vedras"]
[Date "2011.07.30"]
[Round "8.7"]
[White "Arauz Alonso,  Fernando"]
[Black "Rego, Pedro Filipe"]
[Result "1/2-1/2"]
[WhiteElo "2123"]
[BlackElo "2112"]
[PlyCount "139"]
[EventDate "2011.07.23"]

1. d4 Nf6 2. Nf3 d5 3. c4 c6 4. Nc3 e6 5. Bg5 Nbd7 6. e3 Bb4 7. cxd5 exd5 8.
Bd3 O-O 9. O-O Be7 10. Qc2 h6 11. Bh4 Re8 12. Bg3 Nh5 13. Nxd5 Nxg3 14. Nxe7+
Qxe7 15. hxg3 Nf6 16. Rac1 a5 17. a3 a4 18. Ne5 Be6 19. Qc5 Qd8 20. Qb4 Ra7 21.
Rc5 Nd5 22. Qd2 Qg5 23. Nf3 Qf6 24. Rfc1 Bf5 25. Ne5 Bxd3 26. Nxd3 h5 27. Nf4
Nxf4 28. gxf4 g6 29. Qd1 Ra6 30. R1c2 Rd8 31. Qf3 Kg7 32. Qe4 Qe6 33. Re5 Qg4
34. Rg5 Qe6 35. Re5 Qg4 36. Rec5 Qe6 37. Qf3 Rd5 38. f5 Rxf5 39. Rxf5 Qxf5 40.
Qxf5 gxf5 41. Kh2 Kf6 42. Kg3 Rb6 43. Kf4 Rb5 44. f3 Ke6 45. g3 Rb3 46. Rc4
Rxb2 47. Rxa4 Rb5 48. Ra8 Kf6 49. Rb8 Rb3 50. a4 Rb4 51. a5 c5 52. Rd8 cxd4 53.
Rxd4 Rb5 54. Rd6+ Kg7 55. Rb6 Rxa5 56. Rxb7 Kg6 57. Rb6+ f6 58. Rb4 Rc5 59. Ra4
Rb5 60. Rd4 Ra5 61. Rd8 Ra4+ 62. Rd4 Ra5 63. Rb4 Rc5 64. e4 fxe4 65. Rxe4 Rf5+
66. Ke3 Re5 67. Kf4 Rf5+ 68. Ke3 Re5 69. Kf4 Rf5+ 70. Ke3 1/2-1/2

[Event "Campeonato Nacional da 1ª divisão"]
[Site "Torres Vedras"]
[Date "2011.07.30"]
[Round "8.7"]
[White "Cadeirinhas, David Eduardo Lour"]
[Black "Mansilla, Tolosa Luis"]
[Result "1/2-1/2"]
[WhiteElo "1825"]
[BlackElo "2073"]
[PlyCount "52"]
[EventDate "2011.07.23"]

1. Nf3 c5 2. c4 Nf6 3. g3 Nc6 4. Nc3 g6 5. Bg2 Bg7 6. O-O O-O 7. d4 cxd4 8.
Nxd4 Nxd4 9. Qxd4 d6 10. Qh4 Rb8 11. Bh6 b6 12. Bxg7 Kxg7 13. Nd5 e6 14. Nxf6
Qxf6 15. Qxf6+ Kxf6 16. Rfd1 Rd8 17. Rac1 Bb7 18. e4 Ke7 19. f3 Rbc8 20. Bh3
Rc5 21. Kf2 Rdc8 22. Rd4 R8c7 23. Bf1 b5 24. Rcd1 bxc4 25. Rxd6 Ra5 26. Bxc4
Bxe4 1/2-1/2

[Event "Campeonato Nacional da 1ª divisão"]
[Site "Torres Vedras"]
[Date "2011.07.30"]
[Round "8.8"]
[White "Eggert, Alberto"]
[Black "Pires, Gustavo"]
[Result "0-1"]
[WhiteElo "2161"]
[BlackElo "2050"]
[PlyCount "50"]
[EventDate "2011.07.23"]

1. Nf3 Nf6 2. c4 c5 3. e3 e6 4. Be2 Be7 5. d4 cxd4 6. exd4 d5 7. Nc3 O-O 8. a3
Nc6 9. O-O b6 10. b4 dxc4 11. Bxc4 Bb7 12. Bb2 Nd5 13. Ne2 Bf6 14. Rc1 Rc8 15.
Qd3 a6 16. Rfd1 b5 17. Ba2 g6 18. Nd2 Bg7 19. Ne4 Ncxb4 20. Rxc8 Qxc8 21. axb4
Nxb4 22. Qa3 Nxa2 23. Nd6 Qc2 24. Ra1 Bd5 25. Nf4 b4 0-1

[Event "Campeonato Nacional da 1ª divisão"]
[Site "Torres Vedras"]
[Date "2011.07.30"]
[Round "8.8"]
[White "Andias, Joao Pedro Menezes"]
[Black "Marques, Rui Filipe Pereira"]
[Result "1/2-1/2"]
[WhiteElo "1891"]
[BlackElo "2135"]
[PlyCount "123"]
[EventDate "2011.07.23"]

1. e4 c5 2. Nf3 Nc6 3. d4 cxd4 4. Nxd4 g6 5. Nc3 Bg7 6. Be3 Nf6 7. Bc4 Qa5 8.
O-O O-O 9. Bb3 d6 10. f3 Bd7 11. Qd2 Rfe8 12. Rfd1 Ne5 13. Nd5 Qxd2 14. Nxf6+
Bxf6 15. Rxd2 Rec8 16. Rad1 b5 17. Ne2 Nc4 18. Bxc4 Rxc4 19. c3 Bg7 20. Nf4 f5
21. exf5 Bxf5 22. Nd5 Kf7 23. Bd4 Bxd4+ 24. Rxd4 Rxd4 25. Rxd4 Rc8 26. Kf2 e5
27. Rd2 Be6 28. a3 Rc5 29. Ne3 Ke7 30. Kg3 g5 31. Kf2 a5 32. Nf1 b4 33. cxb4
axb4 34. axb4 Rb5 35. Ng3 d5 36. Ne2 d4 37. Nc1 Bf5 38. Nd3 Ke6 39. Ke2 Kd5 40.
b3 Bxd3+ 41. Kxd3 Rxb4 42. Rb2 h5 43. h3 g4 44. hxg4 hxg4 45. Rb1 gxf3 46. gxf3
Rb6 47. b4 Ra6 48. b5 Rb6 49. Rb2 Kc5 50. Re2 Kd5 51. Rb2 Rf6 52. Rf2 Rb6 53.
Rb2 Rf6 54. Rf2 Rf4 55. b6 Kc6 56. b7 Kxb7 57. Re2 Rxf3+ 58. Ke4 Rf4+ 59. Kxe5
Rh4 60. Re4 Rxe4+ 61. Kxe4 Kc6 62. Kxd4 1/2-1/2

[Event "Campeonato Nacional da 1ª divisão"]
[Site "Torres Vedras"]
[Date "2011.07.30"]
[Round "8.8"]
[White "Luyks, Marinus"]
[Black "Aguiar, Henrique Rui Neves"]
[Result "1/2-1/2"]
[WhiteElo "2159"]
[BlackElo "1938"]
[PlyCount "92"]
[EventDate "2011.07.23"]

1. d4 Nf6 2. c4 g6 3. Nc3 Bg7 4. e4 d6 5. f4 O-O 6. Nf3 c5 7. d5 e6 8. Be2 exd5
9. cxd5 Bg4 10. O-O Nbd7 11. Re1 Ne8 12. Ng5 Bxe2 13. Qxe2 Nc7 14. a4 Re8 15.
Be3 a6 16. Rad1 h6 17. Nf3 b5 18. Qc2 Rb8 19. e5 dxe5 20. fxe5 Nxe5 21. Nxe5
Bxe5 22. Qf2 bxa4 23. Bxc5 Nb5 24. d6 Nxc3 25. bxc3 Qd7 26. Bd4 Bxd4 27. Rxe8+
Rxe8 28. Qxd4 a3 29. c4 Qc6 30. c5 a2 31. Qc4 Rc8 32. Qxa2 Qxc5+ 33. Qf2 Qxf2+
34. Kxf2 a5 35. Ke3 Kf8 36. Kd4 Ke8 37. Re1+ Kd7 38. Kd5 Rc2 39. Re7+ Kd8 40.
Rxf7 Rxg2 41. Rf8+ Kd7 42. Rf7+ Kd8 43. Ra7 Rxh2 44. Ra8+ Kd7 45. Ra7+ Kd8 46.
Ra8+ Kd7 1/2-1/2

[Event "Campeonato Nacional da 1ª divisão"]
[Site "Torres Vedras"]
[Date "2011.07.31"]
[Round "9.1"]
[White "Buhmann, Rainer"]
[Black "Picard, Romain"]
[Result "1-0"]
[WhiteElo "2582"]
[BlackElo "2351"]
[PlyCount "73"]
[EventDate "2011.07.23"]

1. Nf3 Nf6 2. c4 b6 3. g3 c5 4. Bg2 Bb7 5. O-O e6 6. Nc3 a6 7. Re1 Be7 8. e4 d6
9. d4 cxd4 10. Nxd4 Qc7 11. Be3 O-O 12. Rc1 Nbd7 13. Nd5 exd5 14. cxd5 Qd8 15.
Nc6 Bxc6 16. dxc6 Nc5 17. c7 Qxc7 18. e5 dxe5 19. Bxa8 Rxa8 20. b4 Nfe4 21. Qe2
Re8 22. Red1 Qb7 23. bxc5 Nxc5 24. Qb2 Qb8 25. Rb1 Na4 26. Qb3 b5 27. Rbc1 Nb6
28. Bxb6 Qxb6 29. Rd7 Qf6 30. Rcc7 h5 31. Qd3 Kf8 32. Qh7 g5 33. Rc6 Qg7 34.
Qe4 a5 35. Ra6 Bd8 36. Qd5 Bf6 37. Qd6+ 1-0

[Event "Campeonato Nacional da 1ª divisão"]
[Site "Torres Vedras"]
[Date "2011.07.31"]
[Round "9.1"]
[White "Heberla, Bartlomiej"]
[Black "Carneiro, Carlos"]
[Result "1-0"]
[WhiteElo "2539"]
[BlackElo "2278"]
[PlyCount "59"]
[EventDate "2011.07.23"]

1. c4 Nf6 2. Nc3 g6 3. g3 Bg7 4. Bg2 O-O 5. e4 d6 6. Nge2 e5 7. O-O a5 8. d3
Na6 9. f4 exf4 10. Bxf4 Nc5 11. h3 c6 12. Qd2 Re8 13. Rf2 Ne6 14. Be3 Nd7 15.
Raf1 Rf8 16. b3 Rb8 17. d4 Nc7 18. Bf4 Nb6 19. g4 Ra8 20. a4 Na6 21. Qe3 Qe7
22. Qg3 Rd8 23. h4 f6 24. e5 dxe5 25. dxe5 Nd7 26. exf6 Nxf6 27. Bg5 Rf8 28.
Ne4 Bd7 29. Bxf6 Bxf6 30. Rxf6 1-0

[Event "Campeonato Nacional da 1ª divisão"]
[Site "Torres Vedras"]
[Date "2011.07.31"]
[Round "9.1"]
[White "Santos, Jose Alves"]
[Black "Butkiewicz, Michal"]
[Result "0-1"]
[WhiteElo "2225"]
[BlackElo "2435"]
[PlyCount "76"]
[EventDate "2011.07.23"]

1. e4 d6 2. d4 Nf6 3. f3 c5 4. dxc5 Qa5+ 5. Nc3 Qxc5 6. Bb5+ Nbd7 7. Qd3 a6 8.
Be3 Qc7 9. Bxd7+ Bxd7 10. Nge2 e6 11. O-O Be7 12. a4 O-O 13. a5 Rac8 14. Rfd1
Bc6 15. Nd4 Nd7 16. Qe2 Bf6 17. f4 Nc5 18. f5 Nxe4 19. Nxe4 Bxe4 20. fxe6 d5
21. exf7+ Qxf7 22. c3 Rce8 23. Qd2 Qg6 24. Re1 Be5 25. Rf1 Qh5 26. Bf4 Rxf4 27.
Rxf4 g5 28. g4 Bxf4 29. Qxf4 gxf4 30. gxh5 Re5 31. Ra4 Rg5+ 32. Kf1 Rxh5 33.
Rb4 Rxh2 34. Rxb7 f3 35. Rb8+ Kf7 36. Rb7+ Kg6 37. Rb6+ Kg5 38. Ne6+ Kg4 0-1

[Event "Campeonato Nacional da 1ª divisão"]
[Site "Torres Vedras"]
[Date "2011.07.31"]
[Round "9.2"]
[White "Galego, Luis"]
[Black "Korneev, Oleg"]
[Result "1/2-1/2"]
[WhiteElo "2474"]
[BlackElo "2588"]
[PlyCount "96"]
[EventDate "2011.07.23"]

1. Nf3 d5 2. d3 Nf6 3. g3 c6 4. Bg2 Bg4 5. Nbd2 Nbd7 6. h3 Bh5 7. c4 e6 8. O-O
Bd6 9. Rb1 a5 10. cxd5 exd5 11. Nh4 O-O 12. Nf5 Bc7 13. Nf3 Re8 14. Re1 Nc5 15.
Be3 Ne6 16. Qa4 Bb6 17. Bxb6 Qxb6 18. g4 Bg6 19. a3 Qc7 20. e3 Nc5 21. Qd4 Nb3
22. Qc3 Bxf5 23. Qxb3 Bg6 24. Qc3 h5 25. g5 Nh7 26. b4 axb4 27. Rxb4 Qe7 28. h4
f6 29. gxf6 Nxf6 30. Ng5 Nh7 31. Nxh7 Kxh7 32. a4 c5 33. Rf4 d4 34. Qb3 dxe3
35. Rxe3 Qd6 36. Rff3 Qd4 37. Qxb7 Reb8 38. Qe7 Rxa4 39. Re1 Re8 40. Qxe8 Bxe8
41. Rxe8 Ra1+ 42. Kh2 Qxh4+ 43. Bh3 Ra4 44. Kg1 Rf4 45. Rg3 Qf6 46. Bg2 h4 47.
Rge3 Rxf2 48. R8e6 Qg5 1/2-1/2

[Event "Campeonato Nacional da 1ª divisão"]
[Site "Torres Vedras"]
[Date "2011.07.31"]
[Round "9.2"]
[White "Ftacnik, Lubomir"]
[Black "Fernando, Diogo"]
[Result "1-0"]
[WhiteElo "2556"]
[BlackElo "2467"]
[PlyCount "78"]
[EventDate "2011.07.23"]

1. Nf3 Nf6 2. c4 c6 3. Nc3 d5 4. e3 a6 5. Qc2 g6 6. b3 Bg7 7. Bb2 O-O 8. Be2
Re8 9. d3 e5 10. e4 d4 11. Na4 c5 12. a3 Bf8 13. b4 cxb4 14. c5 Nbd7 15. Nd2 b5
16. cxb6 Nxb6 17. Nc5 bxa3 18. Bxa3 Nfd7 19. Ncb3 Bxa3 20. Rxa3 Ra7 21. O-O Rc7
22. Qb2 Nc5 23. Nxc5 Rxc5 24. f4 exf4 25. Nf3 Rc3 26. Rxc3 dxc3 27. Qxc3 Na4
28. Qc1 Qd6 29. d4 Bb7 30. e5 Qb6 31. Qxf4 Nc3 32. Bc4 Qe6 33. Bxe6 Ne2+ 34.
Kf2 Nxf4 35. Bb3 Rb8 36. Ng5 Bxg2 37. Bxf7+ Kg7 38. Ra1 Rb2+ 39. Ke3 h6 1-0

[Event "Campeonato Nacional da 1ª divisão"]
[Site "Torres Vedras"]
[Date "2011.07.31"]
[Round "9.2"]
[White "Vassallo Barroche, Mauricio"]
[Black "Pereira, Ruben"]
[Result "1-0"]
[WhiteElo "2416"]
[BlackElo "2436"]
[PlyCount "87"]
[EventDate "2011.07.23"]

1. c4 Nf6 2. Nc3 d5 3. cxd5 Nxd5 4. g3 e5 5. Bg2 Nb6 6. Nf3 Nc6 7. O-O Be7 8.
b3 O-O 9. Bb2 a5 10. d3 a4 11. Nxa4 Nxa4 12. bxa4 e4 13. Ne1 Bf5 14. Rb1 Nb4
15. a3 Na6 16. Qc2 Nc5 17. dxe4 Be6 18. Nd3 Nxa4 19. Be5 Bxa3 20. Rxb7 Bd6 21.
Bxd6 cxd6 22. e5 Nc5 23. Nxc5 dxc5 24. Qxc5 Qd2 25. e3 Ra2 26. Qd4 Qxd4 27.
exd4 Rd2 28. d5 Bxd5 29. Rd7 Bxg2 30. Rxd2 Bxf1 31. Kxf1 h5 32. Kg2 Ra8 33. f4
g6 34. Kh3 Kg7 35. Rd7 Kg8 36. Kh4 Ra2 37. Kg5 Ra6 38. Rd6 Ra2 39. Kf6 Rxh2 40.
Rd8+ Kh7 41. Kxf7 h4 42. e6 hxg3 43. e7 Rf2 44. Rh8+ 1-0

[Event "Campeonato Nacional da 1ª divisão"]
[Site "Torres Vedras"]
[Date "2011.07.31"]
[Round "9.3"]
[White "Garcia-Ortega Mendez, Jose M"]
[Black "Andres, Gonzalez Alberto"]
[Result "1/2-1/2"]
[WhiteElo "2358"]
[BlackElo "2506"]
[PlyCount "52"]
[EventDate "2011.07.23"]

1. d4 Nf6 2. c4 e6 3. Nc3 Bb4 4. Qc2 c5 5. dxc5 Bxc5 6. Nf3 O-O 7. Bg5 h6 8.
Bh4 Be7 9. e3 d6 10. Be2 Nbd7 11. O-O a6 12. Rfd1 Qc7 13. Rd4 b6 14. Rad1 Bb7
15. h3 Rac8 16. Nh2 Rfe8 17. Bg3 Ne5 18. Ng4 Nexg4 19. hxg4 Red8 20. a4 Qc5 21.
Qb3 d5 22. cxd5 Nxd5 23. Bf3 Nxc3 24. Rxd8+ Bxd8 25. Bxb7 Nxd1 26. Bxc8 Qxc8
1/2-1/2

[Event "Campeonato Nacional da 1ª divisão"]
[Site "Torres Vedras"]
[Date "2011.07.31"]
[Round "9.3"]
[White "Andres, Gonzalez Ivan"]
[Black "Cabezas, Ayala Ivan"]
[Result "1/2-1/2"]
[WhiteElo "2331"]
[BlackElo "2336"]
[PlyCount "39"]
[EventDate "2011.07.23"]

1. e4 e5 2. Nf3 Nc6 3. Nc3 Nf6 4. a3 Be7 5. d4 exd4 6. Nxd4 d6 7. Bc4 O-O 8.
O-O Re8 9. Re1 h6 10. Nxc6 bxc6 11. Bf4 Rb8 12. e5 dxe5 13. Qxd8 Bxd8 14. Rxe5
Rxe5 15. Bxe5 Bf5 16. Ne2 Bxc2 17. Rc1 Be4 18. f3 Bd5 19. b4 a5 20. Bxd5
1/2-1/2

[Event "Campeonato Nacional da 1ª divisão"]
[Site "Torres Vedras"]
[Date "2011.07.31"]
[Round "9.3"]
[White "Neves, Pedro"]
[Black "Andrade, Bruno"]
[Result "1-0"]
[WhiteElo "2198"]
[BlackElo "2104"]
[PlyCount "107"]
[EventDate "2011.07.23"]

1. Nf3 Nf6 2. g3 g6 3. Bg2 Bg7 4. O-O O-O 5. c4 d6 6. Nc3 e5 7. d3 Nc6 8. Rb1
a5 9. a3 Nh5 10. Nd5 h6 11. Nd2 f5 12. f4 Nd4 13. e3 Ne6 14. Nc3 Qe8 15. Nf3 c6
16. Qd2 g5 17. fxe5 dxe5 18. Qd1 g4 19. Nh4 Ng5 20. Qc2 Be6 21. Ne2 Rd8 22. e4
fxe4 23. dxe4 Rxf1+ 24. Bxf1 Qf7 25. Bxg5 hxg5 26. Nf5 Bxf5 27. exf5 Rf8 28.
Bg2 Qxf5 29. Qxf5 Rxf5 30. Be4 Rf8 31. Rd1 Bf6 32. Rd7 Rb8 33. Bf5 Bd8 34. Bxg4
Bb6+ 35. Kg2 Nf6 36. Be6+ Kh8 37. Rf7 Ne4 38. Kf3 Nc5 39. Bf5 a4 40. Nc3 Rd8
41. Ne4 Nxe4 42. Bxe4 Rd2 43. Rxb7 Rxb2 44. Bxc6 Rb3+ 45. Kg4 Bg1 46. Rxb3 axb3
47. Be4 Bxh2 48. c5 Bg1 49. c6 Bb6 50. Kxg5 Kg7 51. Kf5 Kf8 52. g4 Bc7 53. g5
b2 54. Ke6 1-0

[Event "Campeonato Nacional da 1ª divisão"]
[Site "Torres Vedras"]
[Date "2011.07.31"]
[Round "9.3"]
[White "Vasques, Jose Mesquita"]
[Black "Andrada, Andrada Luis Javier"]
[Result "0-1"]
[WhiteElo "1831"]
[BlackElo "2221"]
[PlyCount "64"]
[EventDate "2011.07.23"]

1. Nf3 Nf6 2. c4 g6 3. Nc3 Bg7 4. e4 d6 5. Be2 O-O 6. O-O e5 7. d3 Nbd7 8. h3
Ne8 9. Nh2 f5 10. exf5 gxf5 11. f4 Nc5 12. Rb1 Ne6 13. fxe5 dxe5 14. Nf3 Nd6
15. Re1 e4 16. Nh2 Bd4+ 17. Kh1 Qh4 18. Nb5 Be5 19. d4 Bg3 20. Rf1 Nxb5 21.
cxb5 Bd6 22. Be3 Qg3 23. Bg1 Nf4 24. Bc4+ Kh8 25. Rf2 Bd7 26. Nf1 Qg6 27. Ne3
Nh5 28. Nf1 f4 29. Be2 f3 30. gxf3 Rg8 31. Bh2 Bxh2 32. Nxh2 Ng3+ 0-1

[Event "Campeonato Nacional da 1ª divisão"]
[Site "Torres Vedras"]
[Date "2011.07.31"]
[Round "9.4"]
[White "Camacho, Collados Marcos"]
[Black "Appel, Ralf"]
[Result "1/2-1/2"]
[WhiteElo "2404"]
[BlackElo "2522"]
[PlyCount "84"]
[EventDate "2011.07.23"]

1. e4 c5 2. Nf3 Nc6 3. d4 cxd4 4. Nxd4 Nf6 5. Nc3 Qb6 6. Nb3 e6 7. Be3 Qc7 8.
a3 a6 9. Be2 b5 10. O-O Be7 11. f4 d6 12. Qe1 O-O 13. Kh1 Bb7 14. Bd3 Rad8 15.
Qg3 Kh8 16. Rae1 b4 17. Na4 Qb8 18. Nb6 bxa3 19. bxa3 d5 20. exd5 Nxd5 21. Nxd5
Rxd5 22. Be4 Rb5 23. Qh3 g6 24. Nd4 Rh5 25. Qf3 Na5 26. Bxb7 Qxb7 27. Qxb7 Nxb7
28. Rb1 Na5 29. Nf3 Nc4 30. Bd4+ Kg8 31. Rb7 Bc5 32. Rc7 Bxd4 33. Rxc4 Bf6 34.
Rd1 Rb8 35. g3 Rb7 36. Kg2 Rhb5 37. Rd6 a5 38. Ra6 Kg7 39. Ra8 Rb8 40. Ra7 R8b7
41. Ra8 Rb8 42. Ra7 R8b7 1/2-1/2

[Event "Campeonato Nacional da 1ª divisão"]
[Site "Torres Vedras"]
[Date "2011.07.31"]
[Round "9.4"]
[White "Swinkels, Robin"]
[Black "Diogo, Vasco"]
[Result "1-0"]
[WhiteElo "2483"]
[BlackElo "2299"]
[PlyCount "153"]
[EventDate "2011.07.23"]

1. c4 Nf6 2. g3 g6 3. Bg2 Bg7 4. d4 O-O 5. Nf3 d6 6. Nc3 Nbd7 7. O-O e5 8. e4
Re8 9. h3 c6 10. d5 cxd5 11. cxd5 Nc5 12. Ne1 a5 13. Nc2 Bd7 14. Be3 b5 15. b4
axb4 16. Nxb4 Na4 17. Qb3 Qc8 18. Rfc1 Nc5 19. Bxc5 dxc5 20. Nc6 Bxc6 21. dxc6
Rb8 22. Nxb5 Qxc6 23. a4 Red8 24. Qc3 Nd7 25. Qc2 Nf8 26. Bf1 Ne6 27. Bc4 Nd4
28. Nxd4 exd4 29. Ra3 d3 30. Rxd3 Bd4 31. Rf3 Rd7 32. Bb5 Rxb5 33. axb5 Qxb5
34. Kg2 Re7 35. Rb3 Qc6 36. f3 Kg7 37. Qc4 Qa8 38. Rd3 Qa7 39. Rd2 h5 40. h4
Rb7 41. Rdc2 Qa3 42. Ra2 Qe3 43. Re2 Qa3 44. Ra2 Qe3 45. Rd1 Rb3 46. Qe2 Qc3
47. Rc2 Qb4 48. Qc4 Qb6 49. Re1 Rb4 50. Qe2 Rb3 51. Qc4 Rb4 52. Qe2 Rb3 53. e5
Qc6 54. Qe4 Qe6 55. Rce2 Rb4 56. Qd3 Rb3 57. Qe4 Rb4 58. Qd3 Rb3 59. Qd1 Ra3
60. Re4 Ra2+ 61. R1e2 Ra3 62. Re1 Ra6 63. Qd3 Ra2+ 64. R4e2 Ra4 65. Rb1 Ra5 66.
f4 Ra2 67. Rbe1 Ra6 68. Rf1 Rb6 69. f5 Qc6+ 70. Qe4 Qxe4+ 71. Rxe4 Rb2+ 72. Kh3
Rb7 73. Rf3 Rc7 74. f6+ Kf8 75. Rb3 Ke8 76. Rb8+ Kd7 77. e6+ 1-0